Heat transfer 1970 (Record no. 66866)
[ view plain ]
| 000 -LEADER | |
|---|---|
| fixed length control field | 00477nam a22001337a 4500 |
| 008 - FIXED-LENGTH DATA ELEMENTS--GENERAL INFORMATION | |
| fixed length control field | 240911b |||||||| |||| 00| 0 eng d |
| 040 ## - CATALOGING SOURCE | |
| Original cataloging agency | National Science Library |
| Transcribing agency | National Science Library |
| 080 ## - UNIVERSAL DECIMAL CLASSIFICATION NUMBER | |
| Universal Decimal Classification number | 536.2(082.2) |
| Item number | L0.10 |
| 245 ## - TITLE STATEMENT | |
| Title | Heat transfer 1970 |
| Statement of responsibility, etc. | / Papers presented at the fourth international heat transfer conference Paris-Versailles 1970 |
| 260 ## - PUBLICATION, DISTRIBUTION, ETC. | |
| Place of publication, distribution, etc. | Amsterdam: |
| Name of publisher, distributor, etc. | Elsevier publishing company, |
| Date of publication, distribution, etc. | 1971 |
| 300 ## - PHYSICAL DESCRIPTION | |
| Extent | 334p. |
| 500 ## - GENERAL NOTE | |
| Materials specified | Vol. 10 |
| 942 ## - ADDED ENTRY ELEMENTS (KOHA) | |
| Source of classification or shelving scheme | Universal Decimal Classification |
| Koha item type | Proceedings |
| Withdrawn status | Lost status | Source of classification or shelving scheme | Damaged status | Not for loan | Home library | Current library | Shelving location | Date acquired | Serial Enumeration / chronology | Total Checkouts | Full call number | Barcode | Date last seen | Price effective from | Koha item type |
|---|---|---|---|---|---|---|---|---|---|---|---|---|---|---|---|
| Universal Decimal Classification | National Science Library | National Science Library | GF | 14/10/1971 | Vol. 10 | 536.2(082.2) L0.10 | 41744 | 11/09/2024 | 14/10/1971 | Proceedings |